Філологічні студії. (Запис № 284852)

МАРК-запис
000 -LEADER
fixed length control field 00797nam a22001577a 4500
041 ## - LANGUAGE CODE
Language code of text/sound track or separate title ukr
080 ## - UNIVERSAL DECIMAL CLASSIFICATION NUMBER
Universal Decimal Classification number 82
090 ## - LOCALLY ASSIGNED LC-TYPE CALL NUMBER (OCLC); LOCAL CALL NUMBER (OCLC)
Local cutter number (OCLC) ; Book number/undivided call number, CALL (RLIN) ЗУБ
100 ## - MAIN ENTRY--PERSONAL NAME
Personal name Зубович, В.С.
245 ## - TITLE STATEMENT
Title Філологічні студії.
260 ## - PUBLICATION, DISTRIBUTION, ETC. (IMPRINT)
Place of publication, distribution, etc Луцьк
Name of publisher, distributor, etc Волинський Академічний Дім
Date of publication, distribution, etc 2004
300 ## - PHYSICAL DESCRIPTION
Extent 296
520 ## - SUMMARY, ETC.
Summary, etc Науковий часопис включено до переліку фахових видань України в яких можуть публікуватися результати дисертаційних робіт на здобуття наукових ступенів доктора і кандидата за спеціальністю "Філологічні науки".
-- філологія,часопис
650 ## - SUBJECT ADDED ENTRY--TOPICAL TERM
Topical term or geographic name as entry element Science
942 ## - ADDED ENTRY ELEMENTS (KOHA)
Koha item type Книги
Фонди
Withdrawn status Lost status Source of classification or shelving scheme Damaged status Not for loan Home library Current library Date acquired Source of acquisition Cost, normal purchase price Total Checkouts Full call number Barcode Date last seen Price effective from Koha item type
    Universal Decimal Classification     ВІЛ - Відділ іноземн. літератури НБ ВІЛ - Відділ іноземн. літератури НБ 22/11/2011 Акт №02/11 7.00   82 214836 30/11/2021 22/11/2011 Книги